| 000 | 00458nam a2200181Ia 4500 | ||
|---|---|---|---|
| 008 | 230524s9999 xx 000 0 und d | ||
| 020 | _a0195668049 | ||
| 082 |
_a401.14 _bRAM |
||
| 100 | _aMeenakshi Raman | ||
| 245 | 0 | _aTechnical Communication Principles and Practices | |
| 250 | _a1ST | ||
| 260 |
_aNEW DELHI _bOxford _c2004 |
||
| 300 | _aVIII;599 | ||
| 500 | _aQuantity Number: 55 | ||
| 650 | _aEnglish | ||
| 700 | _a Sangita Sharma | ||
| 942 | _cBK | ||
| 999 |
_c24629 _d24629 |
||